000 00714nmm a2200241 a 4500
003 AR-X00000XY
005 20251128211955.0
008 107020s2006 ||||||||||||||000 | spa||
020 _a0-13-110627-9
040 _cAR-X00000XY
100 1 _aSaslow, Joan
245 1 0 _aSummit
_benglish for today's world : with workbook
_n1B
260 _aWhite Plains, N.Y.
_bPearson Education
_c2006
300 0 _a200 p. en varias paginaciones
_bil.
_e1 cd-rom
500 0 _aSolicitar el cd-rom en Mediateca no. 751224
500 0 _aIncluye las unidades 6-10
650 4 _aENSENANZA DE IDIOMAS
650 4 _aINGLES
650 4 _aEJERCICIOS DE APRENDIZAJE
700 1 _aAscher, Allen
942 _cBK
998 _cNancy
999 _c21867
_d21867